LEADER 01166cam0 22003253i 450 001 996292943303316 005 20190610091047.0 010 $a978-88-9359-259-8 100 $a20040716d2019----km-y0itay5003----ba 101 0 $aita 102 $aIT 105 $ay 00 y 200 1 $aVita sociale e mentalità religiosa in Basilicata$eistituzioni ecclesiastiche, santità e devozioni (secoli XVI-XX)$fGiuseppe Maria Viscardi$gprefazione di Jean Delumeau 210 $aRoma$cEdizioni di storia e letteratura$d2019 215 $aXVII, 283 p.$d24 cm 225 2 $aBiblioteca di storia sociale$v40 300 $aAltra edizione: 978-88-9359-260-4 (e-ISBN) 410 0$12001$aBiblioteca di storia sociale$v40 606 0 $aVita religiosa$yBasilicata$zSec. 16.-20.$2BNCF 676 $a282.4577 700 1$aVISCARDI,$bGiuseppe Maria$0144518 702 1$aDELUMEAU,$bJean 801 0$aIT$bsalbc$gISBD 912 $a996292943303316 951 $aX.2.B. 2675$b270368 L.M.$cX.2.$d426977 951 $aX.2.B. 2675a$b270782 L.M.$cX.2.$d426986 959 $aBK 969 $aUMA 996 $aVita sociale e mentalità religiosa in Basilicata$91551873 997 $aUNISA